Firm foundations (Record no. 108268)

MARC details
000 -LEADER
fixed length control field 01085cad a22002295a 4500
001 - CONTROL NUMBER
control field E143796
008 - FIXED-LENGTH DATA ELEMENTS--GENERAL INFORMATION
fixed length control field 080602s2008 xxk f 000 0 eng d
020 ## - INTERNATIONAL STANDARD BOOK NUMBER
International Standard Book Number 9780755970636
035 ## - SYSTEM CONTROL NUMBER
System control number (Sirsi) u143796
041 0# - LANGUAGE CODE
Language code of text/sound track or separate title eng
050 04 - LIBRARY OF CONGRESS CALL NUMBER
Classification number 306.026 $2 18
100 1# - MAIN ENTRY--PERSONAL NAME
Personal name Strachan, Valerie
245 00 - TITLE STATEMENT
Title Firm foundations
Remainder of title the future of housing in Scotland, an analysis of responses
Medium [electronic resource]
260 ## - PUBLICATION, DISTRIBUTION, ETC.
Place of publication, distribution, etc. Edinburgh
Name of publisher, distributor, etc. Scottish Government
Date of publication, distribution, etc. 2008
520 ## - SUMMARY, ETC.
Summary, etc. Sets out the results of the consultation on the document "Firm foundations: the future of housing in Scotland" (see E141964). 387 responses were received to the consultation, from individuals and organisations. Topics covered inlcuded housing supply, assistance for first time buyers, the role of the private rented sector and social rented housing.
521 ## - TARGET AUDIENCE NOTE
Target audience note Advanced
590 ## - LOCAL NOTE (RLIN)
Local note KA
651 #4 - SUBJECT ADDED ENTRY--GEOGRAPHIC NAME
Geographic name Scotland
Chronological subdivision 1999-
690 ## - LOCAL SUBJECT ADDED ENTRY--TOPICAL TERM (OCLC, RLIN)
Topical term or geographic name as entry element Residential property
9 (RLIN) 6266
856 40 - ELECTRONIC LOCATION AND ACCESS
Uniform Resource Identifier <a href="https://www.scotland.gov.uk/Publications/2008/04/02094036/0">https://www.scotland.gov.uk/Publications/2008/04/02094036/0</a>
Public note View the document free of charge at www.scotland.gov.uk...
942 ## - ADDED ENTRY ELEMENTS (KOHA)
Suppress in OPAC 0
Holdings
Withdrawn status Lost status Source of classification or shelving scheme Damaged status Not for loan Home library Current library Shelving location Date acquired Total Checkouts Full call number Barcode Date last seen Copy number Price effective from Koha item type
    Dewey Decimal Classification     Virtual Virtual Online 02/06/2008   ONLINE PUBLICATION 143796-2001 06/08/2019 1 06/08/2019 Book